Autocad 2010 & autocad lt 2010 bible / (Record no. 5154)
[ view plain ]
| 000 -LEADER | |
|---|---|
| fixed length control field | 00730nam a22002655a 4500 |
| 001 - CONTROL NUMBER | |
| control field | 15720719 |
| 003 - CONTROL NUMBER IDENTIFIER | |
| control field | OSt |
| 005 - DATE AND TIME OF LATEST TRANSACTION | |
| control field | 20150703142251.0 |
| 008 - FIXED-LENGTH DATA ELEMENTS--GENERAL INFORMATION | |
| fixed length control field | 090501s2009 inu 000 0 eng |
| 010 ## - LIBRARY OF CONGRESS CONTROL NUMBER | |
| LC control number | 2009927851 |
| 020 ## - INTERNATIONAL STANDARD BOOK NUMBER | |
| International Standard Book Number | 9780470436400 |
| 040 ## - CATALOGING SOURCE | |
| Original cataloging agency | SEKU |
| 050 ## - LIBRARY OF CONGRESS CALL NUMBER | |
| Classification number | T 385 |
| Item number | .F5 2010 |
| 100 1# - MAIN ENTRY--PERSONAL NAME | |
| Personal name | Finkelstein, Ellen. |
| 245 10 - TITLE STATEMENT | |
| Title | Autocad 2010 & autocad lt 2010 bible |
| Statement of responsibility, etc. | Ellen Finkelstein ; [edited by] Laura. |
| 250 ## - EDITION STATEMENT | |
| Edition statement | 1st ed. |
| 260 ## - PUBLICATION, DISTRIBUTION, ETC. (IMPRINT) | |
| Place of publication, distribution, etc. | Indianapolis, IN : |
| Name of publisher, distributor, etc. | Wiley Pub., Inc., |
| Date of publication, distribution, etc. | 2009. |
| 263 ## - PROJECTED PUBLICATION DATE | |
| Projected publication date | 0906 |
| 300 ## - PHYSICAL DESCRIPTION | |
| Extent | 1250 p. : |
| Other physical details | ill. |
| 504 ## - BIBLIOGRAPHY, ETC. NOTE | |
| Bibliography, etc | Includes bibliographical refrences |
| 630 ## - SUBJECT ADDED ENTRY--UNIFORM TITLE | |
| Uniform title | AutoCAD. |
| 630 ## - SUBJECT ADDED ENTRY--UNIFORM TITLE | |
| Uniform title | Computer graphics |
| 630 ## - SUBJECT ADDED ENTRY--UNIFORM TITLE | |
| Uniform title | Computer-aided design. |
| 942 ## - ADDED ENTRY ELEMENTS (KOHA) | |
| Source of classification or shelving scheme | Library of Congress Classification |
| Koha item type | General circulation |
| Withdrawn status | Lost status | Source of classification or shelving scheme | Damaged status | Not for loan | Home library | Current library | Shelving location | Date acquired | Source of acquisition | Total Checkouts | Full call number | Barcode | Date last seen | Price effective from | Koha item type | Total Renewals | Date last checked out | Public note |
|---|---|---|---|---|---|---|---|---|---|---|---|---|---|---|---|---|---|---|
| Library of Congress Classification | Kitui Town Campus Library | Kitui Town Campus Library | General Stacks | 03/07/2015 | Donation-Books for Africa | T 385 .F5 2010 | 2015/002021 | 03/07/2015 | 03/07/2015 | General circulation | ||||||||
| Library of Congress Classification | Main Campus Library | Main Campus Library | General Stacks | 03/07/2015 | Donation-Books for Africa | 2 | T 385 .F5 | 2015/002022 | 28/02/2025 | 03/07/2015 | General circulation | 1 | 15/02/2025 | |||||
| Library of Congress Classification | Main Campus Library | Main Campus Library | General Stacks | 14/07/2015 | Books for Africa | T 385 .F5 | 2015/002779 | 14/07/2015 | 14/07/2015 | General circulation | smo | |||||||
| Library of Congress Classification | Main Campus Library | Main Campus Library | General Stacks | 13/04/2016 | Donation - Books for Africa | T 385 .F5 2010 | 2016/016424 | 13/04/2016 | 13/04/2016 | General circulation | JTH |